| 000 | 00803nam a2200193 a 4500 | ||
|---|---|---|---|
| 001 | BRCA_2146 | ||
| 005 | 20190320203703.0 | ||
| 008 | 130808s1992----mx-#---###---#000-0#spa-# | ||
| 050 | 4 |
_aF1391.P8 _b.L43 92 _c1992 |
|
| 100 | 1 |
_aRivera Domínguez, Ligia _96475 |
|
| 245 | 1 | 0 |
_aTransacción ontológica entre el diablo y Quetzalcoalt _banálisis de una narración popular de Cholula _cLigia Rivera Domínguez. |
| 260 |
_aPuebla, México _bGobierno del Estado de Puebla : Secretaría de Cultura : Comisión Puebla V Centenario _c1992 |
||
| 300 |
_a16 p. _c21 cm. |
||
| 440 | 0 |
_aLecturas Históricas de Puebla _n92 _96476 |
|
| 651 | 4 |
_aPuebla (México) _xHistoria _9409 |
|
| 651 | 4 |
_aPuebla (México) _xLecturas históricas _96477 |
|
| 651 | 4 |
_aPuebla (México) _xNarración popular _zCholula _96478 |
|
| 942 |
_2lcc _cB |
||
| 999 |
_c1903 _d1903 |
||